000 00272 a2200109 4500
001 63382
082 _a005.369 MIC
090 _c37433
_d37433
100 _aMicrosoft
245 _aGetting Result with Microsoft Power Point for Window 95
_hEnglish
260 _bMicrosoft
942 _aCAE NUST
_k005.369 MIC
999 _c298455
_d298455